| 000 | 00803nac a22002051u 4500 | ||
|---|---|---|---|
| 010 | _a00033645 | ||
| 020 | _a0130114960 | ||
| 082 | 0 | 0 |
_a621.39 _bC995 |
| 090 |
_c687 _d687 |
||
| 100 | _aCyganski, David. | ||
| 245 | 1 | 0 |
_aInformation technology : _binside and outside / _cDavid Cyganski, John A. Orr with Richard F. Vaz. |
| 260 |
_aNew Delhi : _bPearson Education, _cc2002. |
||
| 300 |
_axxiv, 338 p. : _bill. (some col.), col. maps ; _c27 cm. |
||
| 504 | _aIncludes bibliographical references and index. | ||
| 650 | 0 | _aInformation technology. | |
| 700 | 1 | _aOrr, John A. | |
| 700 | 1 | _aVaz, Richard F. | |
| 942 |
_cBB _k621.39C995 |
||
| 999 |
_c687 _d687 |
||